| 000 | 00725naa a22002537a 4500 | ||
|---|---|---|---|
| 001 | 70133 | ||
| 003 | 144094 | ||
| 005 | 20201118110741.0 | ||
| 008 | ||||||n9999 ||| || || | ||
| 041 | _aspa | ||
| 110 | _aColombia. Presidencia de la República | ||
| 245 | 0 | _aDecreto 900 del 1 de abril de 1997 | |
| 260 |
_aBogotá : _bBiblioteca Jurídica Diké, _c1997. |
||
| 300 | _app.532-545 | ||
| 490 | _aBiblioteca Jurídica Diké | ||
| 500 | _aDirigida por Eduardo Quiceno Alvarez | ||
| 562 | _e0 | ||
| 650 | _aCONSERVACIÓN DEL MEDIO AMBIENTE | ||
| 650 | _aDECRETO 900 DE 1997 | ||
| 650 | _aINCENTIVOS AMBIENTALES | ||
| 773 |
_068604 _aGestion y legislacion ambiental : |
||
| 942 | _cBKM | ||
| 942 | _cCHAP | ||
| 999 |
_c70133 _d70133 |
||